| 000 | 00536nam a22002057a 4500 | ||
|---|---|---|---|
| 003 | OSt | ||
| 005 | 20140310184519.0 | ||
| 008 | 131016t xxu||||| |||| 00| 0 eng d | ||
| 020 | _a9780590187572 | ||
| 050 |
_aPZ 7 _b.B146Sh 1995 |
||
| 100 |
_aBaglio, Ben M. _95246 |
||
| 245 |
_aSheepdog in the snow / _cBen M. Baglio. |
||
| 260 |
_aNew York : _bScholastic Inc., _c1995. |
||
| 300 |
_a156 p. : _bill. ; _c21 cm. |
||
| 521 | _aG4 | ||
| 526 | _c630 | ||
| 650 |
_aDogs _xFiction _929666 |
||
| 942 |
_2lcc _cBK-SCHOLAS |
||
| 999 |
_c34995 _d34995 |
||